Asia Pacific Graduate Education Comparative Policies and Regional Developments /

This volume examines the changes taking place within graduate education in the Asia Pacific Region. A collection of essays by distinguished scholars from eight Asia Pacific nations links profound changes occurring in the economies and societies of the region to the many changes taking place within h...

Πλήρης περιγραφή

Λεπτομέρειες βιβλιογραφικής εγγραφής
Συγγραφή απο Οργανισμό/Αρχή: SpringerLink (Online service)
Άλλοι συγγραφείς: Neubauer, Deane E. (Επιμελητής έκδοσης), Buasuwan, Prompilai (Επιμελητής έκδοσης)
Μορφή: Ηλεκτρονική πηγή Ηλ. βιβλίο
Γλώσσα:English
Έκδοση: New York : Palgrave Macmillan US : Imprint: Palgrave Macmillan, 2016.
Σειρά:International and Development Education
Θέματα:
Διαθέσιμο Online:Full Text via HEAL-Link
LEADER 03922nam a22004575i 4500
001 978-1-137-54783-5
003 DE-He213
005 20160419174315.0
007 cr nn 008mamaa
008 160419s2016 xxu| s |||| 0|eng d
020 |a 9781137547835  |9 978-1-137-54783-5 
024 7 |a 10.1057/978-1-137-54783-5  |2 doi 
040 |d GrThAP 
050 4 |a LC8-6691 
072 7 |a JNF  |2 bicssc 
072 7 |a EDU034000  |2 bisacsh 
082 0 4 |a 379  |2 23 
245 1 0 |a Asia Pacific Graduate Education  |h [electronic resource] :  |b Comparative Policies and Regional Developments /  |c edited by Deane E. Neubauer, Prompilai Buasuwan. 
264 1 |a New York :  |b Palgrave Macmillan US :  |b Imprint: Palgrave Macmillan,  |c 2016. 
300 |a XVIII, 231 p. 12 illus., 8 illus. in color.  |b online resource. 
336 |a text  |b txt  |2 rdacontent 
337 |a computer  |b c  |2 rdamedia 
338 |a online resource  |b cr  |2 rdacarrier 
347 |a text file  |b PDF  |2 rda 
490 1 |a International and Development Education 
505 0 |a PART I: CHANGING DYNAMICS OF ASIA PACIFIC GRADUATE EDUCATION -- 1. Novel Forms of Financing Cross-Border Graduate Education; Chris Ziguras.-2. Graduate Education in Asia Pacific Higher Education: Changing Roles and Purposes; Edilberto C. de Jesus -- 3. Graduate Degrees in the Emergent Political Economy of Contemporary Globalization; Deane Neubauer -- PART II: GRADUATE EDUCATION IN COMPARATIVE COUNTRY SETTINGS.-4. An Examination of Employment Outcomes for Graduate Education at the University of Hawaii; Pearl Imada Iboshi, Ming Zhang, Sanford Beppu, and Winnie Wu -- 5. The Postgraduate Research Student Experience in Malaysia; Koo Yew Lie and Vincent Pang.-6. Learning Outcomes Assessment in Graduate Education: A Comparative Overview between United States and ASEAN; Stewart Sutin and Somkiat Kamolpun.-7. Challenges and Strategic Development of PhD Education of Fu Jen Catholic University; Shang-Shing P. Chou, Chih-Hsien Yang, and Gregory S. Ching.-8. Improving the Quality of Contemporary Graduate Education: a Proposal for Nurturing Future Civic-Minded Professionals; Farrah Dina Yusop.-9. Industry-Oriented Graduate Programs in Thailand: A Review; Bundit Fungtammasan.-10. “Diploma Disease” in Thai Higher Education; Prompilai Buasuwan and Michael Jones.-11. Exploring Researcher Motivation: Implications for PhD Education; Robyn Barnacle, Denise Cuthbert, and Richard Laurie -- 12. Conclusion; Deane Neubauer and Prompilai Buasuwan. . 
520 |a This volume examines the changes taking place within graduate education in the Asia Pacific Region. A collection of essays by distinguished scholars from eight Asia Pacific nations links profound changes occurring in the economies and societies of the region to the many changes taking place within higher education. Focusing on how the dynamics of a changing global economy are affecting the ways higher education institutions are responding, particular changes are seen to be taking place in graduate education as many societies experience the need to produce graduates of high quality with elevated qualifications. Such changes are not without challenge or difficulty as issues of finance. Questions of appropriate directions of innovation and overall higher education capacity continue to frame the broader issue of the changing nature of graduate education. . 
650 0 |a Education. 
650 0 |a Educational policy. 
650 0 |a ducation and state. 
650 1 4 |a Education. 
650 2 4 |a Educational Policy and Politics. 
700 1 |a Neubauer, Deane E.  |e editor. 
700 1 |a Buasuwan, Prompilai.  |e editor. 
710 2 |a SpringerLink (Online service) 
773 0 |t Springer eBooks 
776 0 8 |i Printed edition:  |z 9781137547828 
830 0 |a International and Development Education 
856 4 0 |u http://dx.doi.org/10.1057/978-1-137-54783-5  |z Full Text via HEAL-Link 
912 |a ZDB-2-EDA 
950 |a Education (Springer-41171)